Mickey Mouse and Friends -Characters - Statistics

General Stats
  • This quiz has been taken 325 times
  • The average score is 9 of 18
Answer Stats
Species Character % Correct
Mouse Mickey
97%
Mouse Minnie
97%
Duck Donald
85%
Dog Pluto
84%
Duck Daisy
77%
Dog Goofy
74%
Chipmunk Chip
63%
Chipmunk Dale
62%
Cat Pete
43%
Cow Clarabelle
40%
Mouse Mortimer
39%
Duck Scrooge
34%
Duck Dewey
24%
Giant Willie
17%
Duck Hewey
16%
Duck Lewey
15%
Dog Max
15%
Cat PJ
1%
No matching quizzes found
Score Distribution
Percent of People with Each Score
Percentile by Number Answered
Your Score History
You have not taken this quiz